| 000 | 00412cam a2200181 4500 | ||
|---|---|---|---|
| 001 | D14486 | ||
| 008 | 090401t1966 xxu||||| |||| 00| 0 eng d | ||
| 035 | _a(Sirsi) u16004 | ||
| 041 | _aeng | ||
| 100 | _aWillis, Arthur J | ||
| 245 | _aSpecification writing | ||
| 250 | _a4th | ||
| 260 |
_aLondon _bCrosby Lockwood and Son _c1966 |
||
| 350 | _a0 | ||
| 520 | _aShelf 137 | ||
| 942 | _n0 | ||
| 948 | _c04/03/1997 | ||
| 999 |
_c87341 _d87341 |
||